000 01447cam a2200385 a 4500
001 35201
005 20230410102024.0
008 001206s1994 dr a bs 000 0 spa d
035 _a12205954
925 0 _aacquire
_b1 shelf copy
_xpolicy default
942 _2lcc
_cbk
010 _a 00430132
035 _a(OCoLC)ocm45054899
040 _aOCA
_cOCA
_dDLC
042 _alccopycat
043 _anwdr---
050 1 4 _a118 HC 153.5
_bV128o 1994
100 1 _aVaitsos, Constantino V.
245 1 0 _aOpciones dominicanas en tiempos de globalización e integración /
_cConstantino Vaitsos ; con la colaboración de Maritza García, Miguel Sáez ; editado por Angeles Calzada.
250 _a1a ed.
260 _a[Dominican Republic] :
_bPrograma de las Naciones Unidas para el Deasarrollo,
_c1994
_e(Santo Domingo, R.D. :
_fAmigo del Hogar)
300 _axv, 195, [39] p. :
_bill. ;
_c23 cm.
500 _aErrata slip inserted.
504 _aIncludes bibliographical references.
651 0 _aDominican Republic
_xEconomic policy.
651 0 _aDominican Republic
_xEconomic conditions
_y1961-
651 0 _aDominican Republic
_xEconomic conditions
_y1961-
_vStatistics.
650 0 _aInternational economic integration.
650 0 _aEconomic development.
700 1 _aGarcía, Maritza.
700 1 _aSáez, Miguel.
700 1 _aCalzada, Angeles.
710 2 _aUnited Nations Development Programme.
923 _d20000830
_n50126
999 _c17441
_d17441